| 000 | 00518nam a2200145Ia 4500 | ||
|---|---|---|---|
| 999 |
_c27047 _d27047 |
||
| 041 | _aEnglish | ||
| 082 | _aRP.0319 | ||
| 100 |
_aPrasain, Ganga Prasad _uManipur University |
||
| 245 | 0 |
_aEntrepreneurship in small scale industries in north east India : _bA case study of Manipur / _cGanga Prasad Prasain |
|
| 260 |
_aNew Delhi : _bIndian Council of Social Science Research, _c2015 |
||
| 300 | _axviii, 270p | ||
| 650 |
_aEntrepreneurship _zIndia _zManipur |
||
| 650 | _aSmall Scale Industries-Manipur | ||
| 942 |
_2ddc _cRP |
||